| 000 | 00823nam a22001817a 4500 | ||
|---|---|---|---|
| 005 | 20231121145438.0 | ||
| 008 | 230103s mx frg||| 00| 0 spa|du | ||
| 050 | 0 | 4 |
_aKGF4066 _bC46 2002 |
| 111 | 1 | _aCentro de Investigación Aduanera y de Comercio Internacional | |
| 245 | 1 | 0 |
_aTarifa del impuesto general de importación y exportación _c / Centro de Investigación Aduanera y de Comercio Internacional |
| 250 | _a1a ed. | ||
| 260 |
_aMéxico : _bCentro de Investigación Aduanera y de Comercio Internacional, _c2002 |
||
| 300 |
_a546 p. ; _c22 cm. |
||
| 504 | _aIncluye bibliografía | ||
| 650 | 4 |
_aImpuestos de importaciones y exportaciones _xRegulación de la industria, el comercio y el comercio _zMéxico |
|
| 650 | 4 |
_aControles de exportación e importación _xComercio Internacional _zMéxico |
|
| 942 |
_2lcc _cLIB |
||
| 999 |
_c140048 _d140046 |
||